01138cam a22003131a 4500001001300000003000400013005001700017008004100034010001700075035001900092040002500111042001200136050002200148070002100170072001500191100004500206245012600251260004600377300004900423440003800472500003500510500006500545504003000610500002000640650003500660650003700695650005500732700003700787gs 54000318 DLC20260227111402.0780930s1954 dcuab b f001 0 eng  ags 54000318  a(OCoLC)4257158 aDLCcOClUdDNALdDLC apremarc00aQE75b.B9 no. 9900 a407bG29B no.9900 aX400aP1001 aMiller, Ralph L.q(Ralph Le Roy),d1909-10aGeology and oil resources of the Jonesville district, Lee County, Virginia /cby Ralph L. Miller and William P. Brosgé. aWashington, [D.C.] :bU.S. G.P.O.,c1954. avii, 240 p. :bill., maps (2 col.) ;c24 cm. 0aGeological Survey bulletin ;v990 aEight folded leaves in pocket. aPrepared in cooperation with the Virginia Geological Survey. aBibliography: p. 234-236. aIncludes index. 0aGeologyzVirginiazLee County. 0aPetroleumzVirginiazLee County. 0aMines and mineral resourceszVirginiazLee County.1 aBrosgé, William Peters,d1921-